Statistics for Category Elimination - Capital Cities #2

Click here to take the quiz!

General Stats

  • This quiz has been taken 21,859 times
  • The average score is 13 of 20

Answer Stats

Group#Category% Correct
Green48Capitals in Asia
100%
Green22... with at least 2 million people*
99%
Green8... contains the letter K
94%
Orange42Capitals in the Southern Hemisphere
89%
Orange33... not in Oceania
88%
Blue107Capitals with fewer than 1 million people*
88%
Blue63... not in Africa or Asia
87%
Purple150Capitals containing the letter A
87%
Blue36... in the Eastern Hemisphere
80%
Purple24... with an average elevation above 1000m
71%
Orange11... whose country is landlocked
68%
Green4... whose country starts with a vowel
67%
Orange5... with an average elevation above 1500m
60%
Purple13... is in Africa
58%
Orange1... and whose name has two wordsLa Paz
53%
Blue8... with exactly 8 letters in its name
51%
Purple7... with exactly 6 letters in its name
34%
Green1... and lies west of DubaiBaku
33%
Blue1... and whose country starts with a vowelCanberra
25%
Purple1... and is north of the equatorAsmara
13%

Score Distribution

Percentile by Number Answered

Percent of People with Each Score

Your Score History

You have not taken this quiz